Catálogo

Metodología de la investigación educativa / (Registro nro. 28807)

Detalles MARC
000 -LEADER
fixed length control field 01502cam a2200361 i 4500
001 - CONTROL NUMBER
control field 28807
003 - CONTROL NUMBER IDENTIFIER
control field Mx-PuUPA
005 - DATE AND TIME OF LATEST TRANSACTION
control field 20260317125617.0
008 - FIXED-LENGTH DATA ELEMENTS--GENERAL INFORMATION
fixed length control field 140415s2019 sp gr 000 0 spa d
017 ## - COPYRIGHT OR LEGAL DEPOSIT NUMBER
Copyright or legal deposit number M-6.376-2019
020 ## - INTERNATIONAL STANDARD BOOK NUMBER
International Standard Book Number 9788471337481
040 ## - CATALOGING SOURCE
Transcribing agency Mx-PuUPA
Original cataloging agency Mx-PuUPA
Language of cataloging spa
Modifying agency Mx-PuUPA
Description conventions rda
041 0# - LANGUAGE CODE
Language code of text/sound track or separate title spa
245 00 - TITLE STATEMENT
Title Metodología de la investigación educativa /
Statement of responsibility, etc. Rafael Bisquerra Alzina, coordinador, autor ; Inma Dorio Alcaraz, Jesús Gómez [ y otros ocho]
250 ## - EDITION STATEMENT
Edition statement 6a. edición
264 #1 - PRODUCTION, PUBLICATION, DISTRIBUTION, MANUFACTURE, AND COPYRIGHT NOTICE
Place of production, publication, distribution, manufacture Madrid :
Name of producer, publisher, distributor, manufacturer Editorial Arco/Libros-La Muralla,
Date of production, publication, distribution, manufacture, or copyright notice 2019
300 ## - PHYSICAL DESCRIPTION
Extent 452 páginas :
Other physical details diagramas, tablas ;
Dimensions 22 cm
336 ## - CONTENT TYPE
Fuente rdacontent
Content type term texto
Content type code txt
337 ## - MEDIA TYPE
Source rdamedia
Media type term sin medio
Media type code n
338 ## - CARRIER TYPE
Source rdacarrier
Carrier type term volumen
Carrier type code nc
490 0# - SERIES STATEMENT
Series statement Manuales de Metodología de la Investigación Educativa
650 #7 - SUBJECT ADDED ENTRY--TOPICAL TERM
Source of heading or term armarc
Topical term or geographic name entry element Educación
General subdivision Investigaciones
650 #7 - SUBJECT ADDED ENTRY--TOPICAL TERM
Source of heading or term armarc
Topical term or geographic name entry element Educación
General subdivision Investigación científica
-- Metodología
650 #7 - SUBJECT ADDED ENTRY--TOPICAL TERM
Source of heading or term armarc
Topical term or geographic name entry element Pedagogía
700 1# - ADDED ENTRY--PERSONAL NAME
Personal name Bisquerra Alzina, Rafael,
Relator term coordinador,
-- autor
9 (RLIN) 7083
700 1# - ADDED ENTRY--PERSONAL NAME
Personal name Dorio Alcaraz, Inma,
Relator term autor
700 1# - ADDED ENTRY--PERSONAL NAME
Personal name Gómez, Jesús,
Relator term autor
942 ## - ADDED ENTRY ELEMENTS (KOHA)
Source of classification or shelving scheme Dewey Decimal Classification
Koha item type Libro
Classification part 370.721
Item part M58
Existencias
Withdrawn status Lost status Source of classification or shelving scheme Damaged status Not for loan Collection code Home library Current library Shelving location Date acquired Source of acquisition Cost, normal purchase price Total Checkouts Full call number Barcode Date last seen Cost, replacement price Price effective from Koha item type Copy number
    Dewey Decimal Classification     General Biblioteca Karol Wojtyla Biblioteca Karol Wojtyla Sala general 11/03/2026 2 560.79   370.721 M58 2019 106321 23/03/2026 560.79 11/03/2026 Libro  
    Dewey Decimal Classification     General Biblioteca Karol Wojtyla Biblioteca Karol Wojtyla Sala general 11/03/2026 2 560.79   370.721 M58 2019 106322 23/03/2026 560.79 11/03/2026 Libro Ej.2